الديمقراطية هى الحل لمخاطر العولمة / (Record no. 21598)
[ view plain ]
| 000 -الفاتح | |
|---|---|
| حقل البيانات ثابتة الطول | 01022nam a22002895a 4500 |
| 003 - محدد رقم الضبط | |
| رقم الضبط | OSt |
| 005 - وقت وتاريخ اخر تعامل مع التسجيلة | |
| رقم الضبط | 20160406132028.0 |
| 008 - عناصر البيانات ثابتة الطول - معلومات عامة | |
| حقل البيانات ثابتة الطول | 160406s2002 ua fr f000 0 ara d |
| 015 ## - | |
| -- | 2002 / 8269 |
| 020 ## - الرقم الدولى المعيارى للكتب | |
| الرقم الدولى المعيارى للكتاب | 9773200833 |
| 040 ## - مصدر الفهرسة | |
| وكالة الفهرسة الأصلية | EG-ScBUE |
| لغة الفهرسة | eng |
| وكالة النسخ | EG-ScBUE |
| 041 1# - رمز اللغة | |
| رمز لغة النص/ المسارات الصوتية أو العنوان الانفرادي | ara |
| رمز لغة الترجمات و/او الاصلية المتوسطة للنص | und |
| 082 04 - رقم تصنيف ديوى العشرى | |
| رقم التصنيف | 321.8 |
| رقم المادة | ب ط ر |
| رقم الطبعة | 22 |
| 100 1# - المدخل الرئيسى - إسم شخصى | |
| الإسم الشخصى | بطرس غالي، بطرس، |
| التواريخ المصاحبة للاسم | 2016-1922. |
| 9 (RLIN) | 39796 |
| 245 14 - بيان العنوان | |
| العنوان | الديمقراطية هى الحل لمخاطر العولمة / |
| بيان المسئوليه,etc | بطرس بطرس غالي ؛ ترجمة أمينة الأعصر. |
| 250 ## - بيان الطبعة | |
| بيان الطبعة | ط. 1. |
| 260 ## - PUBLICATION, DISTRIBUTION, ETC. (IMPRINT) | |
| مكان الناشر او الموزع | القاهرة : |
| اسم الناشر او الموزع | مركز الأهرام للترجمة والنشر، |
| تاريخ النشر أو التوزيع | 2002. |
| 300 ## - الوصف المادى | |
| التعداد | 143 ص. ؛ |
| أبعاد الوعاء | 20 سم. |
| 541 ## - تبصرة المصدر المباشر للتزويد | |
| مصدر التزويد | Donation from Mr. Fareed Khamis. |
| 546 ## - تبصرة اللغة | |
| تبصرة اللغة | النص باللغة العربية. |
| 650 #7 - المدخل الاضافى بالموضوع-مصطلح موضوعى | |
| مصطلح موضوعي أو اسم جغرافي كعنصر مدخل | الديمقراطية. |
| مصدر الرأس أو المصطلح | BUEsh |
| 9 (RLIN) | 8058 |
| 650 #7 - المدخل الاضافى بالموضوع-مصطلح موضوعى | |
| مصطلح موضوعي أو اسم جغرافي كعنصر مدخل | العولمة. |
| مصدر الرأس أو المصطلح | BUEsh |
| 9 (RLIN) | 8057 |
| 651 ## - المدخل الاضافى بالموضوع - اسم جغرافى | |
| مصدر الرأس أو المصطلح | BUEsh |
| 653 ## - مصطلح تكشيفى غير مقيد | |
| Resource For college | BAEPS, Political Science |
| Arrived date list | April2016 |
| 700 1# - المدخل الاضافى - اسم شخصى | |
| الإسم الشخصى | الأعصر، أمينة، |
| الدور | مترجم. |
| 9 (RLIN) | 39797 |
| 942 ## - عناصر المدخل الإضافي( كوها) | |
| مصدر التصنيف او مخطط الترفيف | Dewey Decimal Classification |
| حالة التراجع | حالة الفقد | مصدر التصنيف او خطة الترفيف | حالة تلف | ليس للاعارة | مجموعات كوها | المكان الدائم | المكان الحالي | موقع الترفيف | تاريخ الاكتساب | Source of acquisition | رقم الاستدعاء | الباركود | Date last seen | مُعار | تبصرة غير عامة( المفوع للعناصر المفقوده) | نوع الوعاء |
|---|---|---|---|---|---|---|---|---|---|---|---|---|---|---|---|---|
| Dewey Decimal Classification | Alahram | Central Library | Central Library | First floor | 06/04/2016 | Donation | 321.8 ب ط ر | 000032286 | 15/07/2025 | 22/02/2025 | Donation from Mr. Fareed Khamis. | Book - Borrowing | ||||
| Dewey Decimal Classification | Alahram | Central Library | Central Library | First floor | 06/04/2016 | Donation | 321.8 ب ط ر | 000032287 | 15/07/2025 | Donation from Mr. Fareed Khamis. | Book - Borrowing | |||||
| Dewey Decimal Classification | Alahram | Central Library | Central Library | First floor | 16/05/2016 | Donation | 321.8 ب ط ر | 000032501 | 15/07/2025 | Donation from Mr. Fareed Khamis. | Book - Borrowing |